|
|
|
|
| LEADER |
00000nab a2200000 a 4500 |
| 001 |
vtls000476297 |
| 003 |
SK-MaSNL |
| 005 |
20260318132557.0 |
| 008 |
160204c1992 xo 0 eng |
| 015 |
|
|
|a SNBRA19rr/mm-uuuuu
|
| 035 |
|
|
|a CL0476431
|
| 040 |
|
|
|a SNKBUCL
|b slo
|c SNKBUCL
|e AACR2
|
| 041 |
0 |
|
|a eng
|
| 044 |
|
|
|a xo
|c SK
|
| 080 |
|
|
|a 676.031:674.046
|2 1981
|
| 080 |
|
|
|a 674.046
|2 1981
|
| 080 |
|
|
|a 661.728
|2 1981
|
| 100 |
1 |
|
|a Košíková, Božena,
|d 1938-2020
|4 aut
|9 222453
|
| 245 |
1 |
0 |
|a Characterization of steamed hardwoods: effect of processing parameters on ultrastructure and lignin extractability
|c Božena Košíková
|
| 300 |
|
|
|b Obr. 12, tab. 1, lit. 6 zázn. v angl., češ., jap., nem.
|
| 650 |
0 |
7 |
|a tvrdé drevo
|2 snkbucl
|9 49716
|
| 650 |
0 |
7 |
|a lignín
|2 snkbucl
|9 15198
|
| 655 |
|
7 |
|a články zo zborníkov
|2 snkbucl
|9 166140
|
| 773 |
0 |
|
|t Les, drevo, ekológia
|d Zvolen : Technická univerzita, 1992
|g S. 33-39
|z 8022801879
|
| 850 |
|
|
|a Slovenská národná knižnica v Martine
|a MTA001
|
| 852 |
|
|
|a SNK
|b KIS3GCP
|
| 958 |
|
|
|a NB
|
| 958 |
|
|
|a RK
|
| 992 |
|
|
|a RZB
|
| 999 |
|
|
|c 2136199
|d 2138129
|